Politics and feminism /

This book is about: An Introduction of Politics and Feminism; Demarcating the Boundaries; Public versus Private: the Feminist Critique; Culture versus nature: the Feminist Critique; Politics and Feminism...

Đã lưu trong:
Chi tiết về thư mục
Tác giả chính: Arneil, Barbara.
Định dạng: Sách
Ngôn ngữ:English
Được phát hành: Oxford, UK ; Malden, Mass. : Blackwell, 1999.
Những chủ đề:
Các nhãn: Thêm thẻ
Không có thẻ, Là người đầu tiên thẻ bản ghi này!
Thư viện lưu trữ: Mạng thư viện Đại học Đà Nẵng
LEADER 01137cam a2200373 i 4500
001 000047551
003 7237
005 20030312154823.0
008 010323|1999 vm 000 eng
020 |a 063119813X 
040 |a IRC  |c IRC  |d IRC 
041 0 |a eng 
082 1 4 |a 305.42  |b AR-B 
100 1 |a Arneil, Barbara. 
245 0 0 |a Politics and feminism /  |c Barbara Arneil. 
260 |a Oxford, UK ; Malden, Mass. :  |b Blackwell,  |c 1999. 
300 |a 284 p. ;  |c 23cm. 
520 3 |a This book is about: An Introduction of Politics and Feminism; Demarcating the Boundaries; Public versus Private: the Feminist Critique; Culture versus nature: the Feminist Critique; Politics and Feminism... 
630 0 4 |a Women in politics. 
630 0 4 |a Feminism. 
630 0 4 |a Political aspects. 
650 0 4 |a Women in politics. 
650 0 4 |a Feminism  |x Political aspects. 
650 0 4 |a Women's rights. 
OWN |a DUT 
999 |a From the UDN01 
TYP |a Monograph 
TYP |a Printed language 
980 |a Mạng thư viện Đại học Đà Nẵng